[Event "Sportsko leto 2013"]
[Site "Paracin, hotel "]
[Date "2013.07.06"]
[Round "2.41"]
[White "Hagesather, Ellen"]
[Black "Marjanovics, Annamaria"]
[Result "1-0"]
[WhiteElo "2210"]
[BlackElo "2002"]
[PlyCount "89"]
[EventDate "2013.07.05"]

1. c4 c5 2. g3 Nc6 3. Bg2 g6 4. Nc3 Bg7 5. a3 e5 6. Rb1 a5 7. Nf3 Nge7 8. d3
O-O 9. Bg5 f6 10. Be3 d6 11. O-O Be6 12. Ne1 b6 13. Nc2 d5 14. cxd5 Nxd5 15.
Bd2 Rb8 16. Ne3 Nde7 17. Kh1 f5 18. f4 Kh8 19. Nc4 b5 20. Nxe5 Nxe5 21. fxe5
Bxe5 22. Bh6 Rf7 23. Be3 Qd6 24. Qc2 Bd4 25. Bf4 Be5 26. a4 bxa4 27. Qxa4 Bxf4
28. gxf4 Qb6 29. Ra1 Rc8 30. Qxa5 Qxb2 31. Rab1 Qd2 32. Qa6 Qxc3 33. Qxe6 Qf6
34. Qd7 Rg7 35. Bf3 Qf8 36. Qe6 Ng8 37. Rb6 Rgc7 38. Rc1 Qg7 39. Rc4 Qa1+ 40.
Kg2 Qg7 41. Kf2 Qh6 42. Qe5+ Rg7 43. Rb7 Qxh2+ 44. Kf1 Qh6 45. Ra4 1-0

[Event "Sportsko leto 2013"]
[Site "Paracin, hotel "]
[Date "2013.07.06"]
[Round "2.42"]
[White "Bejatovic, Bojana"]
[Black "Jovanovic, Bojan P"]
[Result "0-1"]
[WhiteElo "2002"]
[BlackElo "2203"]
[PlyCount "100"]
[EventDate "2013.07.05"]

1. d4 g6 2. Nf3 Bg7 3. Bf4 d6 4. Nbd2 Nd7 5. e3 e5 6. Bg3 Nh6 7. Bd3 Qe7 8. Bh4
f6 9. Qe2 g5 10. Bg3 f5 11. h4 e4 12. Nxg5 exd3 13. Qxd3 Nf6 14. O-O-O O-O 15.
f3 Nf7 16. e4 Nh5 17. exf5 Nxg5 18. f6 Qxf6 19. hxg5 Qg6 20. Qxg6 hxg6 21. Nf1
Nf4 22. Rd2 Bd7 23. c3 Rae8 24. Bxf4 Re1+ 25. Rd1 Rxd1+ 26. Kxd1 Rxf4 27. Ne3
c5 28. dxc5 dxc5 29. Ke2 Bb5+ 30. Kf2 Bc6 31. Rd1 Kf7 32. Kg3 Be5 33. Kf2 Ra4
34. a3 Bf4 35. Ng4 Ra6 36. g3 Bxg5 37. Ne5+ Ke6 38. f4 Bf6 39. Nxg6 Rb6 40. Rd2
Kf5 41. Nf8 Be7 42. Nh7 Kg6 43. Re2 Bd8 44. Nf8+ Kf6 45. Ne6 Bb5 46. Nxd8 Bxe2
47. Kxe2 Rxb2+ 48. Kd3 Ke7 49. Nxb7 Rxb7 50. g4 Rb3 0-1

[Event "Sportsko leto 2013"]
[Site "Paracin, hotel "]
[Date "2013.07.06"]
[Round "2.43"]
[White "Andersen, Alf R"]
[Black "Todorovic, Radisa J"]
[Result "1/2-1/2"]
[WhiteElo "2202"]
[BlackElo "1960"]
[PlyCount "152"]
[EventDate "2013.07.05"]

1. e4 e6 2. d4 d5 3. Nd2 Nf6 4. Bd3 c5 5. c3 Nc6 6. Ngf3 cxd4 7. cxd4 dxe4 8.
Nxe4 Bb4+ 9. Nc3 Qa5 10. Bd2 Bd7 11. O-O O-O 12. a3 Be7 13. Rc1 Rac8 14. Re1
Qh5 15. Bf4 Rfd8 16. b4 Nd5 17. Nxd5 Qxd5 18. Be4 Qh5 19. Qb3 Be8 20. Rcd1 g5
21. Be3 Bf6 22. d5 exd5 23. Bxd5 g4 24. Bxc6 Bxc6 25. Nd2 Bd5 26. Qb1 Be5 27.
Nf1 Bc3 28. Ng3 Qg6 29. Nf5 Kh8 30. Bd4+ Bxd4 31. Rxd4 Qf6 32. Red1 Be6 33.
Rxd8+ Rxd8 34. Rxd8+ Qxd8 35. Qa1+ f6 36. Nd4 Bd7 37. Qc3 Kg7 38. Qd2 Qe8 39.
g3 Qe4 40. Qe3 Qb1+ 41. Kg2 Kf7 42. Qb3+ Qxb3 43. Nxb3 Bc6+ 44. Kf1 Ke6 45. Ke2
Kd5 46. Kd3 Bb5+ 47. Kc3 b6 48. Nd4 Bd7 49. Kd3 a6 50. f4 gxf3 51. Nxf3 Bf5+
52. Kc3 Ke4 53. Nd2+ Kd5 54. a4 Bd7 55. Nc4 b5 56. Nb6+ Kc6 57. Nxd7 Kxd7 58.
axb5 axb5 59. Kd4 Kd6 60. g4 Kc6 61. Ke4 Kd6 62. h4 Ke6 63. h5 h6 64. Kf4 Ke7
65. Ke3 Kd7 66. Kd3 Ke7 67. Kd4 Kd6 68. Ke4 Ke6 69. Kf4 Ke7 70. Kf3 Kd6 71. Ke4
Ke6 72. Kd4 Kd6 73. Ke4 Ke6 74. Kf4 Ke7 75. Kf5 Kf7 76. Ke4 Ke6 1/2-1/2

[Event "Sportsko leto 2013"]
[Site "Paracin, hotel "]
[Date "2013.07.06"]
[Round "2.44"]
[White "Burovic, Rijad"]
[Black "Pantic, Ivica"]
[Result "1/2-1/2"]
[WhiteElo "1919"]
[BlackElo "2193"]
[PlyCount "84"]
[EventDate "2013.07.05"]

1. e4 d6 2. f4 Nf6 3. d3 g6 4. Nf3 Bg7 5. Be2 O-O 6. O-O c5 7. h3 d5 8. e5 Ne8
9. c3 d4 10. cxd4 cxd4 11. Re1 Nc6 12. Bf1 Nc7 13. Na3 Be6 14. Nc2 a5 15. b3
Nb5 16. Bb2 a4 17. Na3 Nxa3 18. Bxa3 axb3 19. axb3 Qd5 20. Nd2 Ra6 21. Qc2 g5
22. fxg5 Bxe5 23. Nf3 Bg3 24. Reb1 Rfa8 25. Bb2 Bf4 26. Qc4 Be3+ 27. Kh1 Qf5
28. Qc2 Bd5 29. Be2 Ra2 30. Qc5 Kg7 31. Rxa2 Rxa2 32. b4 b6 33. Qxb6 e5 34. b5
Na5 35. Qd6 Bxf3 36. Bxf3 Nc4 37. Qh6+ Kg8 38. Be4 Rxb2 39. Ra1 Ra2 40. Rb1 Rb2
41. Ra1 Ra2 42. Rb1 Rb2 1/2-1/2

[Event "Sportsko leto 2013"]
[Site "Paracin, hotel "]
[Date "2013.07.06"]
[Round "2.45"]
[White "Banovic, Ivan"]
[Black "Lazov, Toni"]
[Result "0-1"]
[WhiteElo "2188"]
[BlackElo "1921"]
[PlyCount "44"]
[EventDate "2013.07.05"]

1. d4 Nf6 2. c4 g6 3. Nc3 d5 4. Bg5 Ne4 5. Bh4 Nxc3 6. bxc3 dxc4 7. Qb1 Bg7 8.
Qb5+ Nd7 9. e3 O-O 10. Qxc4 c5 11. Nf3 cxd4 12. exd4 Nb6 13. Qc5 Bg4 14. Be2
Rc8 15. Qa3 Nd5 16. O-O Nxc3 17. Rfe1 Nxe2+ 18. Rxe2 Bxf3 19. Qxf3 Qxd4 20.
Rae1 Qxh4 21. Qxb7 Bd4 22. Qf3 Qf6 0-1